000 00423nam a2200181Ia 4500
001 2811
005 20260306144834.0
008 260306t2009||||xx |||||||||||||| ||spa||
041 _aESP
082 _a230.1
_bS719A
100 _aSayés, José Antonio
_eAUT
245 0 _aCristianismo y filosofía
260 _c2009
300 _a396 páginas :
_c21 cm.
650 _aGEN
654 _aCHU
942 _cLIB
_dJUS
_fJUS
_2ddc
_n
999 _c2811
_d2811